| 000 | 01380nac a22003491u 4500 | ||
|---|---|---|---|
| 010 | _a 2004063837 | ||
| 020 | _a10489711 | ||
| 020 | _a10489711 | ||
| 082 | 0 | 0 |
_a025.49 _bLIB |
| 090 |
_c9998 _d9998 |
||
| 100 | _aChan, Lois Mai. | ||
| 245 | 1 | 0 |
_aLibrary of Congress subject headings / _cPrepared By The Cataloging Policy and Support Office, Library Service. |
| 250 | _a28th ed. | ||
| 260 |
_aWashington. : _bLibrary Of Congress,c.2005 _cc.2005 |
||
| 300 |
_aV. I, II , III ,IV, V; _c31 cm. |
||
| 500 | _aDonations. | ||
| 500 | _aDonations - AUC . | ||
| 504 | _aIncludes bibliographical references and index. | ||
| 511 | _aCatalogued By: Mahitab. | ||
| 650 | 0 | _aSubject headings, Library of Congress. | |
| 942 |
_cNB _k025.49LIB |
||
| 999 |
_c9998 _d9998 |
||